000 00712nam a2200241 a 4500
005 20140310183614.0
008 120903s19uu xx 00 eng d
020 _a9781426018589
050 _aHD 42
_b.B56 2009
100 _aKindler, Herb
245 _aConflict management :
_bresolve disagreement at work /
_cHerb Kindler.
250 _a4th ed.
260 _a[Rochester, N.Y.] :
_bAxzo Press,
_c2009.
300 _a70 p. :
_bill. ;
_c25 cm.
440 _aCrisp Fifty-Minute Series Book
500 _aCrisp Fifty-Minute Series: Know how. Right now.
521 _aBSBA
650 _aConflict management
650 _aOrganization
650 _aLeadership
942 _cBK
_2lcc
_kFOR
999 _c25293
_d25293